Statistics for Survivor: First Out

Click here to take the quiz!

General Stats

  • This quiz has been taken 11 times
    (7 since last reset)
  • The average score is 31 of 48

Answer Stats

SeasonTribe (Color)First Out% Correct
CaramoanBikal (Purple)Francesca
100%
Redemption IslandOmetepe (Orange)Francesca
100%
ThailandChuay Gahn (Red)John
100%
Pearl IslandsMorgan (Orange)Nicole
100%
AmazonTambaqui (Blue)Ryan
100%
Cook IslandsHiki (Yellow)Sekou
100%
Worlds ApartMasaya (Yellow)So
100%
BorneoTagi (Orange)Sonja
100%
Heroes vs. VillainsHeroesSugar
100%
All-StarsSaboga (Yellow)Tina
100%
Exile IslandCasaya (Pink)Tina
100%
VanuatuLopevi (Red)Brook
75%
Survivor 44Tika (Pink)*Bruce
75%
TocantinsJalapao (Red)Carolina
75%
ChinaZhan Hu (Yellow)Chicken
75%
Game ChangersMana (Orange)Ciera
75%
CagayanLuzan (Green)David
75%
The Australian OutbackKucha (Blue)Debb
75%
AfricaBoran (Yellow)Diane
75%
SamoaFoa Foa (Yellow)Marisa
75%
GabonFang (Red)Michelle
75%
San Juan del SurCoyopa (Orange)Nadiya
75%
MarquesasMaraamu (Yellow)Peter
75%
Ghost IslandMalolo (Orange)Stephanie G.
75%
PalauN/AWanda
75%
Survivor 41Yase (Yellow)Eric
50%
Survivor 45Lulu (Yellow)Hannah
50%
Survivor 42Taku (Orange)*Jackson
50%
Survivor 46Yanu (Purple)Jelinsky
50%
FijiRavu (Orange)Jessica
50%
GuatemalaNakum (Yellow)Jim
50%
PalauN/AJohnathan
50%
MicronesiaMalakal (Purple)Jonny Fairplay
50%
Edge of ExtinctionManu (Blue)**Keith
50%
Millennials vs. Gen XTakali (Purple)Rachel
50%
Blood vs. WaterGalang (Yellow)Rupert
50%
Winners at WarDakal (Red)**Sandra
50%
Second ChanceTakeo (Blue)Vytas
50%
PhilippinesMatsing (Blue)Zane
50%
Kaoh RongTotang (Red)Darnell
25%
Heroes vs. Healers vs. HustlersLevu (Blue)Katrina
25%
One WorldSalani (Blue)*Kourtney
25%
Survivor 43Baka (Yellow)Morriah
25%
David vs. GoliathDavid (Orange)*Pat
25%
Island of the IdolsLairo (Orange)Ronnie
25%
South PacificSavaii (Red)Semhar
25%
NicaraguaEspada (Blue)Wendy
25%
Edge of ExtinctionManu (Blue)**Wendy
25%

Score Distribution

Percentile by Number Answered

Percent of People with Each Score

Your Score History

You have not taken this quiz since the last reset